00590nam a2200205 a 45000010005000000030009000050080041000140400028000550820016000831000025000992450087001242600033002113000015002444900044002596500014003036500020003176500019003376500014003566500014003704726CO-ViMGA141112s2004 ck r 000 u spa d aCO-ViMGAbspacCO-ViMGA04a641.12 C4331 aCheftel, Jean Claude10aProteínas alimentarias / cCheftel Jean Claude , Cub Jean Louis , Lorient Denis  aZaragoza : bAcribia, c1989 a346 p : il aCiencia y tecnología de los alimentos14aALIMENTOS14aCub, Jean Louis14aLorient, Denis14aNUTRICION14aPROTEINAS